Scalable parallel computing , technology,architecture,programming (Record no. 569534)

000 -LEADER
fixed length control field 00554nam a22001817a 4500
003 - CONTROL NUMBER IDENTIFIER
control field CEME
005 - DATE AND TIME OF LATEST TRANSACTION
control field 20210628202353.0
008 - FIXED-LENGTH DATA ELEMENTS--GENERAL INFORMATION
fixed length control field 210301b xxu||||| |||| 00| 0 eng d
020 ## - INTERNATIONAL STANDARD BOOK NUMBER
International Standard Book Number 0-07-031798-4
040 ## - CATALOGING SOURCE
Transcribing agency .
082 ## - DEWEY DECIMAL CLASSIFICATION NUMBER
Classification number 004.358 HWA
100 ## - MAIN ENTRY--PERSONAL NAME
Personal name Hwang, Kai Zhiwei Xu
9 (RLIN) 59594
245 ## - TITLE STATEMENT
Title Scalable parallel computing , technology,architecture,programming
260 ## - PUBLICATION, DISTRIBUTION, ETC.
Place of publication, distribution, etc. BOSTON
Name of publisher, distributor, etc. MCGRAW HILL
Date of publication, distribution, etc. 1998
300 ## - PHYSICAL DESCRIPTION
Extent XXIV,802P
650 ## - SUBJECT ADDED ENTRY--TOPICAL TERM
Topical term or geographic name entry element PARALLEL PROCESSING-ELECTRONIC COMPUTERS,COMPUTER ARCHITECTURE,COMPUTER NETWORKS
9 (RLIN) 59595
942 ## - ADDED ENTRY ELEMENTS (KOHA)
Koha item type Book
Source of classification or shelving scheme
Holdings
Withdrawn status Lost status Damaged status Not for loan Permanent Location Current Location Shelving location Date acquired Total Checkouts Full call number Barcode Date last seen Price effective from Koha item type Source of classification or shelving scheme
        College of Electrical & Mechanical Engineering (CEME) College of Electrical & Mechanical Engineering (CEME) General Stacks 07/18/2017   004.358 HWA CEME-35943 06/28/2021 06/28/2021 Book  
        College of Electrical & Mechanical Engineering (CEME) College of Electrical & Mechanical Engineering (CEME) General Stacks 07/26/2017   004.358 HWA CEME-36672 06/28/2021 06/28/2021 Book  
        College of Electrical & Mechanical Engineering (CEME) College of Electrical & Mechanical Engineering (CEME) General Stacks 07/26/2017   004.358 HWA CEME-36673 06/28/2021 06/28/2021 Book  
        College of Electrical & Mechanical Engineering (CEME) College of Electrical & Mechanical Engineering (CEME)   07/26/2017   004.358 HWA CEME-36674 06/28/2021 06/28/2021 Book  
© 2023 Central Library, National University of Sciences and Technology. All Rights Reserved.